Normal view
MARC view
Entry Personal Name
001 - CONTROL NUMBER
- control field: 14652
003 - CONTROL NUMBER IDENTIFIER
- control field: BD-RjUL
005 - DATE AND TIME OF LATEST TRANSACTION
- control field: 20241210185448.0
008 - FIXED-LENGTH DATA ELEMENTS
- fixed length control field: 241210|| aca||aabn | a|a d
040 ## - CATALOGING SOURCE
- Original cataloging agency: BD-RjUL
- Transcribing agency: BD-RjUL
100 ## - HEADING--PERSONAL NAME
- Personal name: Razzak, Abdur
670 ## - SOURCE DATA FOUND
- Source citation: Work cat.: (BD-RjUL)84515: Razzak, Abdur, Assessment of the fao aquacrop model for simulating maize growth and productivity under deficit irrigation in a subtropical environment /, 2022